[Event "Glorney Cup IM Norm 2019"]
[Site "Dundalk IRL"]
[Date "2019.07.21"]
[Round "4.5"]
[White "Stefansson, Vignir Vatnar"]
[Black "Kanyamarala, Trisha"]
[Result "1-0"]
[WhiteTitle "FM"]
[WhiteElo "2293"]
[BlackElo "2196"]
[BlackICU "1990"]
[WhiteNationality "ISL"]
[BlackNationality "IRL"]
[WhiteFideId "2308649"]
[BlackFideId "45004722"]
[PlyCount "159"]
[Venue "Carrickdale Hotel and Spa"]
[EventDate "2019.07.20"]
[EventType "tourn"]
[Source "Live boards"]
[WhiteFullName "Stef&aacute;nsson, Vignir Vatnar"]

{ Event information: <a
href="http://www.irlchess.com/glorneynorm2019_allfiles/pairings_glorneynorm2019.html">Tournament
report</a>. }

1. d4 Nf6 2. Nc3 d5 3. Bf4 e6 4. e3 a6 5. Nf3 c5 6. Bd3 Nc6 7. O-O c4 8.
Be2 b5 9. a3 Bd6 10. b4 Ne4 11. Nxe4 dxe4 12. Ng5 Bxf4 13. exf4 Nxd4 14.
Nxe4 Bb7 15. Nc5 Bc6 16. c3 Qd5 17. f3 Nf5 18. Qc1 Qd6 19. Rd1 Qc7 20. a4
O-O 21. g3 e5 22. fxe5 Qxe5 23. Kf2 Rfe8 24. Ra2 Qf6 25. axb5 axb5 26. Rxa8
Bxa8 27. Qd2 h5 28. Re1 Rd8 29. Qc1 h4 30. Qf4 g5 31. Qg4 Nh6 32. Qh5 Rd2
33. Rd1 Rc2 34. gxh4 gxh4 35. Rd4 Rxc3 36. Rxh4 Kg7 37. Nd7 Bxf3 38. Nxf6
Bxh5 39. Nxh5+ Kg6 40. Nf4+ Kg5 41. Nd5 Rb3 42. Rh5+ Kg6 43. Nf4+ Kg7 44.
Rxb5 c3 45. Nd3 f5 46. Rc5 Kf6 47. Nf4 Kg5 48. Nd5 Rb2 49. h3 c2 50. Ne3
Rxb4 51. Nxc2 Rf4+ 52. Kg3 Ra4 53. Bf3 Nf7 54. Ne3 Nh6 55. Ng2 Nf7 56. Kh2
Kf6 57. Ne3 Nd6 58. Nd5+ Ke6 59. Kg3 Ra3 60. Nf4+ Ke7 61. Re5+ Kf7 62. Kg2
Kf6 63. Rd5 Nc4 64. Rc5 Ne3+ 65. Kf2 Kg5 66. Ne6+ Kf6 67. Nd4 f4 68. Be2
Ra2 69. Kf3 Ra3 70. Kxf4 Ng2+ 71. Kg4 Ne3+ 72. Kh5 Ng2 73. Rf5+ Ke7 74. Bf3
Ne3 75. Re5+ Kf6 76. Rc5 Ra4 77. Ne2 Nc4 78. Nc3 Ra5 79. Nd5+ Kf5 80. Rxa5
1-0

[Event "Glorney Cup IM Norm 2019"]
[Site "Dundalk IRL"]
[Date "2019.07.22"]
[Round "5.1"]
[White "Kanyamarala, Trisha"]
[Black "Wall, Gavin"]
[Result "0-1"]
[BlackTitle "IM"]
[WhiteElo "2196"]
[BlackElo "2311"]
[WhiteICU "1990"]
[BlackICU "2264"]
[BlackClub "Richmond ENG"]
[WhiteNationality "IRL"]
[BlackNationality "IRL"]
[WhiteFideId "45004722"]
[BlackFideId "2501244"]
[PlyCount "102"]
[Venue "Carrickdale Hotel and Spa"]
[EventDate "2019.07.20"]
[EventType "tourn"]
[Source "Live boards"]

{ Event information: <a
href="http://www.irlchess.com/glorneynorm2019_allfiles/pairings_glorneynorm2019.html">Tournament
report</a>. }

1. d4 f5 2. Bg5 g6 3. Nc3 Nh6 4. h4 Nf7 5. Qd2 Bg7 6. Nf3 d5 7. e3 c6 8.
Bd3 Nd7 9. O-O-O Nf6 10. Bf4 Ne4 11. Bxe4 fxe4 12. Ng5 Nd6 13. Bxd6 Qxd6
14. f3 h6 15. Nh3 exf3 16. gxf3 Rf8 17. Rdg1 Rxf3 18. Nf4 Bf5 19. Nxg6 Bxg6
20. h5 Bf7 21. Rxg7 Qf6 22. Rg2 O-O-O 23. Nd1 Re8 24. b3 e5 25. Nf2 Be6 26.
Ng4 Bxg4 27. Rxg4 Rf2 28. Qd3 exd4 29. e4 Rf3 30. e5 Rxe5 31. Qxd4 Re7 32.
Qxf6 Rxf6 33. Rg6 Rf2 34. Rg3 Ree2 35. Rc3 Rh2 36. Rg1 Rxh5 37. Rg7 Rhe5
38. Rh7 Re1+ 39. Kb2 Re7 40. Rxh6 Kc7 41. b4 R1e4 42. a3 Kb6 43. Rc5 Rd4
44. Rd6 Re2 45. Rd7 a5 46. Kc3 Rdd2 47. Rxa5 Rxc2+ 48. Kb3 Rb2+ 49. Ka4 Re3
50. Rd6 Rbb3 51. b5 Rxa3+ 0-1

[Event "Glorney Cup IM Norm 2019"]
[Site "Dundalk IRL"]
[Date "2019.07.22"]
[Round "5.2"]
[White "O'Donnell, Conor"]
[Black "Stefansson, Vignir Vatnar"]
[Result "1/2-1/2"]
[WhiteTitle "FM"]
[BlackTitle "FM"]
[WhiteElo "2341"]
[BlackElo "2293"]
[WhiteICU "2298"]
[WhiteClub "Gonzaga"]
[WhiteNationality "IRL"]
[BlackNationality "ISL"]
[WhiteFideId "2504243"]
[BlackFideId "2308649"]
[PlyCount "88"]
[Venue "Carrickdale Hotel and Spa"]
[EventDate "2019.07.20"]
[EventType "tourn"]
[Source "Live boards"]
[BlackFullName "Stef&aacute;nsson, Vignir Vatnar"]

{ Event information: <a
href="http://www.irlchess.com/glorneynorm2019_allfiles/pairings_glorneynorm2019.html">Tournament
report</a>. }

1. c4 f5 2. Nf3 Nf6 3. g3 g6 4. Bg2 Bg7 5. O-O O-O 6. Nc3 d6 7. d4 Qe8 8.
Nd5 Nxd5 9. cxd5 Nd7 10. Ng5 Nf6 11. Qb3 h6 12. Ne6 Bxe6 13. dxe6 Rb8 14.
a4 c6 15. a5 Qc8 16. Ra4 b5 17. axb6 Rxb6 18. Qa2 d5 19. Rxa7 Qxe6 20. Qa3
Nd7 21. Qe3 Kf7 22. Rd1 Rc8 23. Qxe6+ Kxe6 24. g4 Rb4 25. gxf5+ gxf5 26. e3
Rcb8 27. Bf1 Nb6 28. Rd2 Nc4 29. Rc2 R8b6 30. b3 Nd6 31. Rc7 Rxb3 32. R2xc6
Rxc6 33. Rxc6 Kd7 34. Ra6 Nc4 35. Kg2 Bf6 36. Kf3 Rc3 37. Bxc4 dxc4 38. Ba3
Rc2 39. Ra7+ Ke6 40. Bb4 Bh4 41. Be1 Rc1 42. Ke2 Rc2+ 43. Kf3 Bf6 44. Rc7
Kf7 1/2-1/2

[Event "Glorney Cup IM Norm 2019"]
[Site "Dundalk IRL"]
[Date "2019.07.22"]
[Round "5.3"]
[White "O'Gorman, Tom"]
[Black "Wiley, Tom E."]
[Result "1/2-1/2"]
[WhiteTitle "FM"]
[BlackTitle "FM"]
[WhiteElo "2227"]
[BlackElo "2162"]
[WhiteICU "2208"]
[WhiteClub "Dun Laoghaire"]
[WhiteNationality "IRL"]
[BlackNationality "ENG"]
[WhiteFideId "2508249"]
[BlackFideId "401765"]
[PlyCount "140"]
[Venue "Carrickdale Hotel and Spa"]
[EventDate "2019.07.20"]
[EventType "tourn"]
[Source "Live boards"]

{ Event information: <a
href="http://www.irlchess.com/glorneynorm2019_allfiles/pairings_glorneynorm2019.html">Tournament
report</a>. }

1. e4 e6 2. d4 d5 3. Nd2 h6 4. Ngf3 Nf6 5. e5 Nfd7 6. Bd3 c5 7. c3 Nc6 8.
O-O g5 9. h3 h5 10. Nb3 Rg8 11. h4 gxh4 12. Bh7 Rg7 13. Bc2 c4 14. Nbd2 h3
15. g3 h4 16. Kh2 hxg3+ 17. fxg3 f6 18. Nh4 Ndxe5 19. dxe5 Nxe5 20. Qh5+
Kd7 21. Kxh3 Bd6 22. Ndf3 Nd3 23. g4 Qg8 24. Bxd3 cxd3 25. Bh6 Rh7 26. g5
Kc7 27. g6 e5+ 28. Kh2 e4+ 29. Kh1 Rxh6 30. Qxh6 exf3 31. Rxf3 Bd7 32. Nf5
Bxf5 33. Rxf5 Qe6 34. Raf1 Qe4+ 35. R5f3 d2 36. Qxd2 Rh8+ 37. Kg1 Qxg6+ 38.
Qg2 Bc5+ 39. R1f2 Qxg2+ 40. Kxg2 Bxf2 41. Rxf2 Rf8 42. Kf3 Kd6 43. Kf4 f5
44. Rh2 Rf7 45. b4 a6 46. Rh6+ Kc7 47. a4 Kd7 48. Rh3 Kd6 49. Rd3 Rc7 50.
Kxf5 Rc4 51. Rh3 d4 52. cxd4 Rxb4 53. Ke4 Rxa4 54. Rh6+ Kc7 55. Ke5 Ra1 56.
Rh7+ Kb6 57. Kd6 a5 58. Rh2 Rg1 59. Rb2+ Ka6 60. d5 b5 61. Rd2 Kb6 62. Ke5
a4 63. d6 Rg8 64. Kd5 Rd8 65. Rd3 Ka5 66. Kc6 Rc8+ 67. Kb7 Rh8 68. Kc6 Rc8+
69. Kb7 Rh8 70. Kc6 Rc8+ 1/2-1/2

[Event "Glorney Cup IM Norm 2019"]
[Site "Dundalk IRL"]
[Date "2019.07.22"]
[Round "5.4"]
[White "Kanyamarala, Tarun"]
[Black "Baker, Chris W."]
[Result "0-1"]
[Termination "time forfeit"]
[BlackTitle "IM"]
[WhiteElo "2244"]
[BlackElo "2273"]
[WhiteICU "2110"]
[WhiteNationality "IRL"]
[BlackNationality "ENG"]
[WhiteFideId "45004714"]
[BlackFideId "401676"]
[PlyCount "58"]
[Venue "Carrickdale Hotel and Spa"]
[EventDate "2019.07.20"]
[EventType "tourn"]
[Source "Live boards"]

{ Event information: <a
href="http://www.irlchess.com/glorneynorm2019_allfiles/pairings_glorneynorm2019.html">Tournament
report</a>. }

1. d4 Nf6 2. c4 e6 3. Nc3 Bb4 4. g3 c5 5. Nf3 O-O 6. Bg2 d5 7. cxd5 Nxd5 8.
Bd2 Nc6 9. O-O cxd4 10. Nxd5 Qxd5 11. Bxb4 Nxb4 12. Nxd4 Qc4 13. Nb3 Qb5
14. a3 Nc6 15. Rc1 e5 16. Qd3 Qb6 17. e3 Bg4 18. Qc3 Rac8 19. Nc5 Rfd8 20.
h3 Bf5 21. b4 a5 22. bxa5 Qa7 23. Kh2 Bg6 24. Qb2 Nxa5 25. Nxb7 Rb8 26. Rc7
Nxb7 27. Rxb7 Rxb7 28. Qxb7 Qxa3 29. Qc7 Qd6 { (Time) } 0-1

[Event "Glorney Cup IM Norm 2019"]
[Site "Dundalk IRL"]
[Date "2019.07.22"]
[Round "5.5"]
[White "Moran, Darragh"]
[Black "McPhillips, Joseph"]
[Result "0-1"]
[BlackTitle "IM"]
[WhiteElo "1880"]
[BlackElo "2412"]
[WhiteICU "1828"]
[WhiteClub "Gonzaga"]
[WhiteNationality "IRL"]
[BlackNationality "ENG"]
[WhiteFideId "2510294"]
[BlackFideId "422487"]
[PlyCount "98"]
[Venue "Carrickdale Hotel and Spa"]
[EventDate "2019.07.20"]
[EventType "tourn"]
[Source "Live boards"]

{ Event information: <a
href="http://www.irlchess.com/glorneynorm2019_allfiles/pairings_glorneynorm2019.html">Tournament
report</a>. }

1. e4 c5 2. Nf3 e6 3. c4 Nc6 4. Nc3 Nf6 5. Be2 Qc7 6. O-O h5 7. d4 cxd4 8.
Nxd4 a6 9. Nc2 Ne5 10. b3 Bc5 11. Bf4 Nf3+ 12. Bxf3 Qxf4 13. Qd3 Ng4 14.
Bxg4 hxg4 15. Qg3 Qxg3 16. hxg3 b5 17. b4 Bd6 18. Rac1 bxc4 19. a3 a5 20.
Ne3 axb4 21. Nb5 Bb8 22. Rxc4 Ke7 23. Rxb4 Ba6 24. Rfb1 Bxb5 25. Rxb5 Bd6
26. Nc4 Bc7 27. Rg5 Ra4 28. Rb4 Rxb4 29. axb4 g6 30. b5 Rb8 31. b6 Bxb6 32.
Nxb6 Rxb6 33. Rxg4 Rb1+ 34. Kh2 Rf1 35. f3 Kf6 36. Rf4+ Ke7 37. Rh4 g5 38.
Rg4 f6 39. f4 Re1 40. e5 $2 (40. fxg5 $15) 40... fxe5 $19 41. Rxg5 Kf6 42.
Rh5 d5 43. Rh6+ Kf5 44. Rh5+ Kg6 45. Rg5+ Kf6 46. Kh3 Rh1+ 47. Kg4 e4 48.
Re5 Rh7 49. Rg5 Rg7 0-1

[Event "Glorney Cup IM Norm 2019"]
[Site "Dundalk IRL"]
[Date "2019.07.22"]
[Round "6.2"]
[White "Baker, Chris W."]
[Black "Moran, Darragh"]
[Result "1/2-1/2"]
[WhiteTitle "IM"]
[WhiteElo "2273"]
[BlackElo "1880"]
[BlackICU "1828"]
[BlackClub "Gonzaga"]
[WhiteNationality "ENG"]
[BlackNationality "IRL"]
[WhiteFideId "401676"]
[BlackFideId "2510294"]
[PlyCount "38"]
[Venue "Carrickdale Hotel and Spa"]
[EventDate "2019.07.20"]
[EventType "tourn"]
[Source "Live boards"]

{ Event information: <a
href="http://www.irlchess.com/glorneynorm2019_allfiles/pairings_glorneynorm2019.html">Tournament
report</a>. }

1. e4 e6 2. Nf3 d5 3. Nc3 Nf6 4. e5 Nfd7 5. d4 c5 6. dxc5 Nc6 7. Bf4 Bxc5
8. Bd3 f6 9. exf6 Nxf6 10. O-O O-O 11. Ne5 Bd7 12. Qe2 Qe7 13. Rae1 Rae8
14. Kh1 a6 15. Bg3 Bd4 16. f4 Nb4 17. Bh4 Qd6 18. Qd2 Nxd3 19. Qxd3 Bxc3
1/2-1/2

[Event "Glorney Cup IM Norm 2019"]
[Site "Dundalk IRL"]
[Date "2019.07.22"]
[Round "6.3"]
[White "Wiley, Tom E."]
[Black "Kanyamarala, Tarun"]
[Result "0-1"]
[WhiteTitle "FM"]
[WhiteElo "2162"]
[BlackElo "2244"]
[BlackICU "2110"]
[WhiteNationality "ENG"]
[BlackNationality "IRL"]
[WhiteFideId "401765"]
[BlackFideId "45004714"]
[PlyCount "66"]
[Venue "Carrickdale Hotel and Spa"]
[EventDate "2019.07.20"]
[EventType "tourn"]
[Source "Live boards"]

{ Event information: <a
href="http://www.irlchess.com/glorneynorm2019_allfiles/pairings_glorneynorm2019.html">Tournament
report</a>. }

1. d4 Nf6 2. c4 e6 3. Nc3 Bb4 4. Qc2 b6 5. e4 c5 6. e5 cxd4 7. a3 Bxc3+ 8.
bxc3 Ng8 9. cxd4 Bb7 10. Nf3 Ne7 11. Be2 h6 12. O-O Nbc6 13. Bb2 O-O 14.
Qe4 Na5 15. Qg4 f5 16. Qf4 Ba6 17. Nd2 Rc8 18. Rac1 Qc7 19. d5 Qd8 20. d6
Ng6 21. Qe3 f4 22. Qe4 f3 23. Bxf3 Nh4 24. Qg4 Nxf3+ 25. gxf3 Qg5 26. Qxg5
hxg5 27. Rfe1 Bxc4 28. Kg2 Bd5 29. Rxc8 Rxc8 30. Rc1 Rxc1 31. Bxc1 g4 32.
Kg3 gxf3 33. Nxf3 Nc4 0-1

[Event "Glorney Cup IM Norm 2019"]
[Site "Dundalk IRL"]
[Date "2019.07.22"]
[Round "6.4"]
[White "Stefansson, Vignir Vatnar"]
[Black "O'Gorman, Tom"]
[Result "1-0"]
[WhiteTitle "FM"]
[BlackTitle "FM"]
[WhiteElo "2293"]
[BlackElo "2227"]
[BlackICU "2208"]
[BlackClub "Dun Laoghaire"]
[WhiteNationality "ISL"]
[BlackNationality "IRL"]
[WhiteFideId "2308649"]
[BlackFideId "2508249"]
[PlyCount "123"]
[Venue "Carrickdale Hotel and Spa"]
[EventDate "2019.07.20"]
[EventType "tourn"]
[Source "Live boards"]
[WhiteFullName "Stef&aacute;nsson, Vignir Vatnar"]

{ Event information: <a
href="http://www.irlchess.com/glorneynorm2019_allfiles/pairings_glorneynorm2019.html">Tournament
report</a>. } { Other information: Other information: <a
href="https://skak.is/2019/07/24/vignir-vatnar-med-5½-eftir-7-umferdir-getur-nad-afanga-i-dag/">Vignir
Vatnar Me&eth; 5&frac12; Eftir 7 Umfer&eth;ir – Getur N&aacute;&eth;
&Aacute;fanga &Iacute; Dag</a>, Gunnar Bj&ouml;rnsson , Sk&aacute;k.is,
July 24, 2019 (photo of players at start of game). }

1. d4 Nf6 2. c4 c5 3. Nf3 cxd4 4. Nxd4 e5 5. Nb5 d5 6. cxd5 Bc5 7. N5c3 O-O
8. e3 e4 9. Nd2 Re8 10. Be2 Bf5 11. Nc4 a6 12. a4 Bb4 13. Bd2 Bxc3 14. Bxc3
Nxd5 15. Qd4 Nxc3 16. Qxc3 Nc6 17. Rd1 Qg5 18. g4 Be6 19. Nd6 Red8 20. Nxe4
Rxd1+ 21. Bxd1 Qd5 22. Bf3 Kh8 23. Nd2 Qd6 24. Ne4 Qd5 25. Nd2 Qd7 26. h3
Rc8 27. O-O f6 28. Bg2 h5 29. f4 hxg4 30. hxg4 Bxg4 31. Ne4 Ne5 32. Nc5 Qe7
33. fxe5 f5 34. b4 b6 35. Rc1 bxc5 36. bxc5 Qg5 37. Rc2 Rb8 38. Qe1 Rd8 39.
Qg3 Rd1+ 40. Bf1 Qd8 41. Qf4 Qd3 42. Rf2 Qd5 43. Kh2 Qxc5 44. Kg3 Kh7 45.
Be2 Rg1+ 46. Kh2 Re1 47. Bxg4 fxg4 48. Qf5+ Kg8 49. Qf7+ Kh7 50. Qf5+ Kh6
51. Qf4+ Kh7 52. Qf5+ Kh6 53. Qf4+ Kh7 54. Qf5+ Kh6 55. Qf4+ Kh7 56. Qe4+
Kh6 57. Rc2 Qxe3 58. Rc6+ Kh5 59. Qf5+ Kh4 60. Qh7+ Kg5 61. Qxg7+ Kf4 62.
Rc4+ 1-0

[Event "Glorney Cup IM Norm 2019"]
[Site "Dundalk IRL"]
[Date "2019.07.22"]
[Round "6.5"]
[White "Kanyamarala, Trisha"]
[Black "O'Donnell, Conor"]
[Result "1/2-1/2"]
[BlackTitle "FM"]
[WhiteElo "2196"]
[BlackElo "2341"]
[WhiteICU "1990"]
[BlackICU "2298"]
[BlackClub "Gonzaga"]
[WhiteNationality "IRL"]
[BlackNationality "IRL"]
[WhiteFideId "45004722"]
[BlackFideId "2504243"]
[PlyCount "131"]
[Venue "Carrickdale Hotel and Spa"]
[EventDate "2019.07.20"]
[EventType "tourn"]
[Source "Live boards"]

{ Event information: <a
href="http://www.irlchess.com/glorneynorm2019_allfiles/pairings_glorneynorm2019.html">Tournament
report</a>. }

1. d4 d5 2. c4 Nc6 3. Nf3 Bg4 4. e3 e5 5. dxe5 dxc4 6. Qxd8+ Rxd8 7. Bxc4
Nxe5 8. Be2 Nd3+ 9. Bxd3 Rxd3 10. Nbd2 Rd5 11. Ne4 Be7 12. Bd2 Nf6 13. Nc3
Rd8 14. h3 Bd7 15. Ne5 Bc8 16. Nb5 Ne4 17. Bc3 O-O 18. Nd4 Nxc3 19. bxc3 c5
20. Ne2 Rd5 21. Nf3 g5 22. O-O Rfd8 23. c4 Rd3 24. a4 Be6 25. Rfc1 Bf6 26.
Rab1 b6 27. a5 bxa5 28. Ng3 Bc3 29. Ne4 Bb4 30. Nexg5 Bf5 31. e4 Bg6 32.
Ne5 R3d6 33. Nxg6 hxg6 34. e5 Rd4 35. e6 f6 36. e7 Re8 37. Ne6 Rd6 38. Nc7
Rxe7 39. Nd5 Re5 40. Rd1 Kf7 41. Rb2 a4 42. Rdb1 a5 43. f4 Re4 44. Rc1 Ke6
45. Nc7+ Kd7 46. Nd5 a3 47. Rbc2 Rxd5 48. cxd5 Rxf4 49. g4 Kd6 50. Rd1 f5
51. Re2 Re4 52. Rf2 c4 53. gxf5 Bc5 54. fxg6 Re3 55. Kf1 Re8 56. Rf6+ Ke5
57. Rf7 Rg8 58. g7 Bd4 59. Re7+ Kd6 60. Rxd4 Kxe7 61. Rxc4 Rxg7 62. Ra4 Rg3
63. h4 Rd3 64. Rxa5 Kd6 65. h5 Rxd5 66. Rxa3 1/2-1/2

[Event "Glorney Cup IM Norm 2019"]
[Site "Dundalk IRL"]
[Date "2019.07.23"]
[Round "7.1"]
[White "O'Donnell, Conor"]
[Black "Wall, Gavin"]
[Result "0-1"]
[WhiteTitle "FM"]
[BlackTitle "IM"]
[WhiteElo "2341"]
[BlackElo "2311"]
[WhiteICU "2298"]
[BlackICU "2264"]
[WhiteClub "Gonzaga"]
[BlackClub "Richmond ENG"]
[WhiteNationality "IRL"]
[BlackNationality "IRL"]
[WhiteFideId "2504243"]
[BlackFideId "2501244"]
[PlyCount "54"]
[Venue "Carrickdale Hotel and Spa"]
[EventDate "2019.07.20"]
[EventType "tourn"]
[Source "Live boards"]

{ Event information: <a
href="http://www.irlchess.com/glorneynorm2019_allfiles/pairings_glorneynorm2019.html">Tournament
report</a>. }

1. Nf3 d6 2. e4 Nf6 3. Nc3 c6 4. d4 Qa5 5. Bd3 Bg4 6. h3 Bh5 7. Bd2 Qb6 8.
g4 Bg6 9. Qe2 e6 10. O-O-O d5 11. e5 Nfd7 12. Kb1 Bxd3 13. cxd3 a5 14. Be3
a4 15. Nd2 a3 16. b3 c5 17. dxc5 Qb4 18. Nxd5 exd5 19. d4 Nc6 20. Nf1 Na7
21. Qd3 Qb5 22. Qf5 Qc6 23. Bc1 Nb5 24. Ka1 b6 25. Ng3 g6 26. Qd3 bxc5 27.
dxc5 Bxc5 0-1

[Event "Glorney Cup IM Norm 2019"]
[Site "Dundalk IRL"]
[Date "2019.07.23"]
[Round "7.2"]
[White "O'Gorman, Tom"]
[Black "Kanyamarala, Trisha"]
[Result "0-1"]
[WhiteTitle "FM"]
[WhiteElo "2227"]
[BlackElo "2196"]
[WhiteICU "2208"]
[BlackICU "1990"]
[WhiteClub "Dun Laoghaire"]
[WhiteNationality "IRL"]
[BlackNationality "IRL"]
[WhiteFideId "2508249"]
[BlackFideId "45004722"]
[PlyCount "70"]
[Venue "Carrickdale Hotel and Spa"]
[EventDate "2019.07.20"]
[EventType "tourn"]
[Source "Live boards"]

{ Event information: <a
href="http://www.irlchess.com/glorneynorm2019_allfiles/pairings_glorneynorm2019.html">Tournament
report</a>. }

1. e4 c5 2. Nf3 d6 3. d4 cxd4 4. Nxd4 Nf6 5. Nc3 a6 6. Bg5 e6 7. f4 h6 8.
Bh4 Qb6 9. a3 Be7 10. Bf2 Qc7 11. Qf3 Nbd7 12. g4 g5 13. h4 gxf4 14. Be2
Ne5 15. Qxf4 Nexg4 16. Bxg4 e5 17. Qxf6 Bxf6 18. Nd5 Qa5+ 19. b4 Qxd5 20.
exd5 Bxg4 21. Rg1 h5 22. Nb3 Rc8 23. Rc1 Rc3 24. Na5 Ke7 25. Nxb7 Rhc8 26.
Kd2 Rf3 27. Rgf1 e4 28. c4 Rd3+ 29. Kc2 Rxc4+ 30. Kb1 Rb3+ 31. Ka2 Rb2+ 32.
Ka1 Rxf2+ 33. Kb1 Rb2+ 34. Ka1 Rxc1+ 35. Rxc1 Rxb4+ 0-1

[Event "Glorney Cup IM Norm 2019"]
[Site "Dundalk IRL"]
[Date "2019.07.23"]
[Round "7.3"]
[White "Kanyamarala, Tarun"]
[Black "Stefansson, Vignir Vatnar"]
[Result "0-1"]
[BlackTitle "FM"]
[WhiteElo "2244"]
[BlackElo "2293"]
[WhiteICU "2110"]
[WhiteNationality "IRL"]
[BlackNationality "ISL"]
[WhiteFideId "45004714"]
[BlackFideId "2308649"]
[PlyCount "102"]
[Venue "Carrickdale Hotel and Spa"]
[EventDate "2019.07.20"]
[EventType "tourn"]
[Source "Live boards"]
[BlackFullName "Stef&aacute;nsson, Vignir Vatnar"]

{ Event information: <a
href="http://www.irlchess.com/glorneynorm2019_allfiles/pairings_glorneynorm2019.html">Tournament
report</a>. }

1. d4 f5 2. Bg5 h6 3. Bh4 g5 4. e3 Nf6 5. Bg3 d6 6. h4 g4 7. h5 Be6 8. Ne2
Bf7 9. Nf4 Bg7 10. Nc3 O-O 11. Bd3 e6 12. Qd2 Qe8 13. O-O-O Nbd7 14. e4
fxe4 15. Nxe4 e5 16. Ng6 Bxg6 17. Nxf6+ Bxf6 18. Bxg6 Bg5 19. Qxg5 hxg5 20.
Bxe8 Raxe8 21. dxe5 Nxe5 22. Rd5 Kh7 23. c4 b6 24. b3 Kh6 25. Kc2 Re6 26.
Kc3 Nd7 27. Rd4 Nf6 28. Kc2 Ne4 29. Re1 Rfe8 30. Re3 Kxh5 31. Rd1 Nc5 32.
Rxe6 Nxe6 33. b4 Kg6 34. Rd3 Nf4 35. Bxf4 gxf4 36. Kd2 Re4 37. Rc3 Kf5 38.
b5 Ke5 39. Kd3 Re1 40. Ra3 Rg1 41. Ke2 Rxg2 42. Kf1 Rh2 43. Kg1 Rh7 44.
Rxa7 Kd4 45. Ra8 g3 46. fxg3 fxg3 47. Rg8 Kxc4 48. a4 d5 49. Rxg3 d4 50.
Kf2 Kb4 51. Rg4 Rd7 0-1

[Event "Glorney Cup IM Norm 2019"]
[Site "Dundalk IRL"]
[Date "2019.07.23"]
[Round "7.4"]
[White "Moran, Darragh"]
[Black "Wiley, Tom E."]
[Result "0-1"]
[BlackTitle "FM"]
[WhiteElo "1880"]
[BlackElo "2162"]
[WhiteICU "1828"]
[WhiteClub "Gonzaga"]
[WhiteNationality "IRL"]
[BlackNationality "ENG"]
[WhiteFideId "2510294"]
[BlackFideId "401765"]
[PlyCount "68"]
[Venue "Carrickdale Hotel and Spa"]
[EventDate "2019.07.20"]
[EventType "tourn"]
[Source "Live boards"]

{ Event information: <a
href="http://www.irlchess.com/glorneynorm2019_allfiles/pairings_glorneynorm2019.html">Tournament
report</a>. }

1. e4 Nf6 2. Nc3 d5 3. exd5 Nxd5 4. Bc4 Nb6 5. Be2 Bf5 6. Nf3 e6 7. Ne5
N8d7 8. d4 Nxe5 9. dxe5 Qxd1+ 10. Bxd1 Bb4 11. O-O Bxc3 12. bxc3 O-O-O 13.
Bg5 Rd5 14. g4 Bg6 15. f4 h6 16. Bh4 Be4 17. Bf3 Bxf3 18. Rxf3 h5 19. gxh5
Rxh5 20. Bg3 g6 21. Rd3 Rh8 22. Kg2 Rhd8 23. Rad1 c6 24. Kf3 Nc4 25. Rd4
Na3 26. Bf2 b6 27. R1d2 Nb5 28. Rxd5 cxd5 29. Bd4 Rd7 30. h4 Rc7 31. Rd3
Nxd4+ 32. cxd4 Rxc2 33. Kg4 Rg2+ 34. Kf3 Rxa2 0-1

[Event "Glorney Cup IM Norm 2019"]
[Site "Dundalk IRL"]
[Date "2019.07.23"]
[Round "7.5"]
[White "McPhillips, Joseph"]
[Black "Baker, Chris W."]
[Result "1-0"]
[WhiteTitle "IM"]
[BlackTitle "IM"]
[WhiteElo "2412"]
[BlackElo "2273"]
[WhiteNationality "ENG"]
[BlackNationality "ENG"]
[WhiteFideId "422487"]
[BlackFideId "401676"]
[PlyCount "63"]
[Venue "Carrickdale Hotel and Spa"]
[EventDate "2019.07.20"]
[EventType "tourn"]
[Source "Live boards"]

{ Event information: <a
href="http://www.irlchess.com/glorneynorm2019_allfiles/pairings_glorneynorm2019.html">Tournament
report</a>. }

1. d4 Nf6 2. Nf3 g6 3. c4 Bg7 4. Nc3 O-O 5. e4 d6 6. Be2 e5 7. O-O Na6 8.
Re1 exd4 9. Nxd4 Nc5 10. Bf3 Re8 11. h3 a5 12. Ndb5 Be6 13. e5 dxe5 14.
Qxd8 Rexd8 15. Nxc7 Rac8 16. Nxe6 Nxe6 17. Rxe5 Nd4 18. Bxb7 Rb8 19. Bf3
Nd7 20. Rd5 Nc2 21. Rb1 Bxc3 22. Bf4 Rxb2 23. Rxb2 Bxb2 24. Bc7 Re8 25.
Rxd7 Re1+ 26. Kh2 Nd4 27. Bd5 Ne6 28. Bxa5 Re2 29. Bb6 Be5+ 30. g3 Rxa2 31.
Kg2 Rc2 32. Be3 1-0